General inorganic chemistry / (Record no. 354840)
[ view plain ]
| 000 -LEADER | |
|---|---|
| fixed length control field | 00302nam a2200109Ia 4500 |
| 008 - FIXED-LENGTH DATA ELEMENTS--GENERAL INFORMATION | |
| fixed length control field | 180205s9999 xx 000 0 und d |
| 020 ## - INTERNATIONAL STANDARD BOOK NUMBER | |
| International Standard Book Number | 9789715847421 |
| 100 ## - MAIN ENTRY--PERSONAL NAME | |
| Personal name | Nucum, Zenaida T. |
| 245 ## - TITLE STATEMENT | |
| Title | General inorganic chemistry / |
| 260 ## - PUBLICATION, DISTRIBUTION, ETC. (IMPRINT) | |
| Place of publication, distribution, etc | Quezon City |
| Name of publisher, distributor, etc | C & E publishing |
| Date of publication, distribution, etc | 2008 |
| 300 ## - PHYSICAL DESCRIPTION | |
| Extent | ix, 103 pages |
| Withdrawn status | Lost status | Damaged status | Home library | Current library | Shelving location | Date acquired | Source of acquisition | Total Checkouts | Total Renewals | Full call number | Barcode | Date last seen | Date checked out | Price effective from | Koha item type |
|---|---|---|---|---|---|---|---|---|---|---|---|---|---|---|---|
| College Library | College Library | Filipiniana Section | 02/05/2018 | Library Fund | 1 | 3 | QD 45 .N964 2008 | C14369 | 12/10/2021 | 09/06/2021 | 02/05/2018 | Books |